000 00530nam a2200181Ia 4500
999 _c29619
_d29619
003 OSt
005 20201216101242.0
008 190216s9999||||xx |||||||||||||| ||und||
020 _a9788126416233
040 _coclc
082 _a894.8121
_bAYY/A
100 _aAyyappapaniker, K
_97323
245 0 _aAgnipoojayum Mattu Pradhana Kavithakalum /
_cK Ayyappapaniker
260 _bD C Books,
_c2010.
_aKottayam:
300 _a138p
650 _aKavithkal
942 _cBK
_2ddc
_h894.8121
_iAYY/A
_k894.8121
_mAYY/A